[Event "2. Abierto Hotel Cemar 2015"]
[Site "Mondariz ESP"]
[Date "2015.08.22"]
[Round "8.16"]
[White "Salgado Gonzalez, Julio"]
[Black "Lesteiro Lores, Manuel Raul"]
[Result "1/2-1/2"]
[WhiteElo "1801"]
[BlackElo "1940"]
[PlyCount "113"]
[EventDate "2015.08.16"]
[EventType "swiss"]
[EventRounds "9"]
[EventCountry "ESP"]
[Source "lmi"]
[SourceDate "2015.08.16"]

1. d4 d5 2. Nf3 Nf6 3. Bf4 e6 4. Nbd2 c5 5. e3 a6 6. c3 Nc6 7. Bd3 Be7 8. O-O
Bd7 9. Ne5 Nxe5 10. dxe5 Ng8 11. e4 Bg5 12. Bxg5 Qxg5 13. f4 Qh6 14. Qe2 Ne7
15. Rf3 O-O 16. Raf1 g6 17. Rh3 Qg7 18. g4 Nc6 19. Nf3 f6 20. exd5 exd5 21. e6
Rae8 22. f5 Nd8 23. Qf2 Nxe6 24. fxe6 Bxe6 25. Rg3 Qc7 26. Qd2 Kg7 27. Nh4 Bd7
28. Qf2 Qb6 29. b4 Rc8 30. h3 Qd6 31. Qf4 Qb6 32. Kh2 cxb4 33. Qxb4 Qc7 34. Qd4
Qxc3 35. Qxc3 Rxc3 36. Ng2 Re8 37. Nf4 Bc6 38. Rf2 d4 39. Re2 Rc1 40. Rg1 Rxg1
41. Kxg1 Re3 42. Rxe3 dxe3 43. Kf1 h5 44. gxh5 g5 45. Ne6+ Kh6 46. Nd4 Bd7 47.
Bf5 Bxf5 48. Nxf5+ Kxh5 49. Ke2 g4 50. hxg4+ Kxg4 51. Nd6 b6 52. Kxe3 b5 53.
Ke4 b4 54. Nf5 a5 55. Ne3+ Kg5 56. Nc4 a4 57. a3 1/2-1/2

[Event "2. Abierto Hotel Cemar 2015"]
[Site "Mondariz ESP"]
[Date "2015.08.22"]
[Round "8.17"]
[White "Ferreiro Diaz, Miguel"]
[Black "Rebollo Montes, Bernardo"]
[Result "1/2-1/2"]
[WhiteElo "1877"]
[BlackElo "1785"]
[PlyCount "90"]
[EventDate "2015.08.16"]
[EventType "swiss"]
[EventRounds "9"]
[EventCountry "ESP"]
[Source "lmi"]
[SourceDate "2015.08.16"]

1. e4 d5 2. exd5 Qxd5 3. Nc3 Qa5 4. d4 Nf6 5. Nf3 Bf5 6. Bd2 c6 7. Ne5 Qb6 8.
Qf3 e6 9. O-O-O Bb4 10. Qg3 O-O 11. Nc4 Qd8 12. f3 Nbd7 13. Qf2 Nd5 14. Ne4
Bxd2+ 15. Rxd2 Qc7 16. Bd3 Nb4 17. Kb1 Nxd3 18. Rxd3 c5 19. Ncd6 Bxe4 20. Nxe4
cxd4 21. Qxd4 Nb6 22. g3 Rad8 23. Qc5 Qxc5 24. Nxc5 Rxd3 25. Nxd3 Nd5 26. Re1
b6 27. c4 Nf6 28. Ne5 Rc8 29. Rd1 g6 30. b3 Rc7 31. Kb2 Kf8 32. b4 Ke7 33. b5
Nd7 34. Nc6+ Kf6 35. Rd4 Nc5 36. Rf4+ Kg7 37. Rd4 Kf6 38. f4 h5 39. Kc3 Nd7 40.
Nb4 Ke7 41. h3 Nb8 42. a4 Rd7 43. Nd3 Rxd4 44. Kxd4 Kd6 45. Nb4 f6 1/2-1/2

[Event "2. Abierto Hotel Cemar 2015"]
[Site "Mondariz ESP"]
[Date "2015.08.22"]
[Round "8.18"]
[White "Gonzalez Eiris, Daniel"]
[Black "Meira Iglesias, Alejandro"]
[Result "0-1"]
[WhiteElo "1833"]
[BlackElo "1773"]
[PlyCount "62"]
[EventDate "2015.08.16"]
[EventType "swiss"]
[EventRounds "9"]
[EventCountry "ESP"]
[Source "lmi"]
[SourceDate "2015.08.16"]

1. d4 c5 2. c3 e6 3. Nf3 Qc7 4. Bg5 cxd4 5. cxd4 Be7 6. Qd2 Bxg5 7. Nxg5 Nf6 8.
Nc3 d5 9. Nb5 Qe7 10. Rc1 Nc6 11. Nc3 O-O 12. e3 e5 13. Be2 e4 14. h4 Bf5 15.
Nh3 Bxh3 16. Rxh3 Rac8 17. g4 Qe6 18. Rg3 Nd7 19. f4 exf3 20. Bxf3 Nb6 21. b3
Rfe8 22. Kf2 Ne7 23. a4 Nc6 24. Ne2 Qd6 25. a5 Nd7 26. Rc5 Nxc5 27. dxc5 Qxc5
28. Bxd5 Rcd8 29. Nf4 Nb4 30. Qb2 Nxd5 31. Nh5 Qc3 0-1

[Event "2. Abierto Hotel Cemar 2015"]
[Site "Mondariz ESP"]
[Date "2015.08.22"]
[Round "8.19"]
[White "Gomez Fernandez, Pedro Javier"]
[Black "Fernandez Lopez, Ruben"]
[Result "0-1"]
[WhiteElo "1540"]
[BlackElo "1795"]
[PlyCount "80"]
[EventDate "2015.08.16"]
[EventType "swiss"]
[EventRounds "9"]
[EventCountry "ESP"]
[Source "lmi"]
[SourceDate "2015.08.16"]

1. Nf3 Nf6 2. c4 g6 3. g3 Bg7 4. Bg2 O-O 5. O-O d6 6. d4 Nbd7 7. Nc3 e5 8. Qc2
exd4 9. Nxd4 a5 10. b3 Nc5 11. Bb2 c6 12. Rfd1 Re8 13. Rd2 Qe7 14. Rad1 Bh6 15.
e3 Bd7 16. Ba3 Rad8 17. h3 Bg7 18. b4 axb4 19. Bxb4 Bc8 20. Nb3 Bf5 21. Qc1
Nfe4 22. Nxe4 Nxe4 23. Bxe4 Qxe4 24. g4 Be6 25. Rxd6 Rxd6 26. Bxd6 h5 27. Nc5
Qf3 28. Nxe6 Rxe6 29. gxh5 Qxh3 30. hxg6 Rxg6+ 31. Bg3 Be5 32. Rd8+ Kh7 33. Qc2
Bxg3 34. fxg3 Qxg3+ 35. Kf1 Qf3+ 36. Qf2 Qh3+ 37. Ke1 Qh1+ 38. Ke2 Rg2 39. Rd7
Rxf2+ 40. Kxf2 Qh4+ 0-1

[Event "2. Abierto Hotel Cemar 2015"]
[Site "Mondariz ESP"]
[Date "2015.08.22"]
[Round "8.20"]
[White "Otero Campos, Cintia"]
[Black "Lloveras Hernanz, Jose Antonio"]
[Result "0-1"]
[WhiteElo "1139"]
[BlackElo "1680"]
[PlyCount "122"]
[EventDate "2015.08.16"]
[EventType "swiss"]
[EventRounds "9"]
[EventCountry "ESP"]
[Source "lmi"]
[SourceDate "2015.08.16"]

1. e4 c5 2. Nf3 Nc6 3. d4 cxd4 4. Nxd4 Nf6 5. Nc3 a6 6. a3 e5 7. Nxc6 bxc6 8.
Bc4 Bc5 9. O-O O-O 10. Qf3 d6 11. Bg5 h6 12. Bxf6 Qxf6 13. Qxf6 gxf6 14. Rad1
Rd8 15. Rd3 Be6 16. Bxe6 fxe6 17. b4 Ba7 18. Ne2 Kf7 19. g4 Ke7 20. Kg2 Rg8 21.
h3 f5 22. f3 h5 23. Kg3 hxg4 24. hxg4 f4+ 25. Kg2 d5 26. Rc3 Kd6 27. Rd1 Rac8
28. Rcd3 Ke7 29. c4 Rcd8 30. cxd5 cxd5 31. exd5 exd5 32. Rxd5 Rxd5 33. Rxd5 Ke6
34. Rd2 Be3 35. Rb2 Rd8 36. a4 Kd5 37. b5 axb5 38. axb5 Rb8 39. g5 Rg8 40. Nc3+
Kc4 41. Ne4 Bb6 42. Kh3 Kd4 43. Kh4 Ke3 44. Kh5 Kxf3 45. Nf6 Rh8+ 46. Kg6 e4
47. Nd5 Rg8+ 48. Kf5 Rf8+ 49. Ke6 Bd4 50. b6 Bxb2 51. Kd6 e3 52. g6 e2 53. g7
Bxg7 54. b7 e1=Q 55. Kc7 Be5+ 56. Kb6 Qb1+ 57. Ka7 Qa2+ 58. Kb6 Qb3+ 59. Ka7
Bd4+ 60. Ka6 Rf6+ 61. Nxf6 Qb6# 0-1

[Event "2. Abierto Hotel Cemar 2015"]
[Site "Mondariz ESP"]
[Date "2015.08.23"]
[Round "9.1"]
[White "Del Rey, Diego"]
[Black "Gomez Garrido, Camilo Ernesto"]
[Result "1/2-1/2"]
[WhiteElo "2394"]
[BlackElo "2519"]
[PlyCount "60"]
[EventDate "2015.08.16"]
[EventType "swiss"]
[EventRounds "9"]
[EventCountry "ESP"]
[Source "lmi"]
[SourceDate "2015.08.16"]

1. d4 d5 2. c4 c6 3. cxd5 cxd5 4. Nc3 Nf6 5. Bf4 a6 6. e3 Nc6 7. Nf3 Bg4 8. Be2
e6 9. Ne5 Bxe2 10. Qxe2 Nxe5 11. Bxe5 Be7 12. O-O O-O 13. Bxf6 Bxf6 14. Rac1
Rc8 15. Rc2 Qd7 16. Rfc1 Be7 17. h3 h6 18. Qd3 Rc6 19. Ne2 Rfc8 20. Rxc6 Rxc6
21. Rc2 Bd6 22. Kf1 Qc7 23. Rxc6 Qxc6 24. Qc3 Qxc3 25. Nxc3 Kf8 26. Ke2 Ke8 27.
Kd3 Kd7 28. f3 Be7 29. e4 Kc6 30. exd5+ exd5 1/2-1/2

[Event "2. Abierto Hotel Cemar 2015"]
[Site "Mondariz ESP"]
[Date "2015.08.23"]
[Round "9.2"]
[White "Campora, Daniel H"]
[Black "Oratovsky, Michael"]
[Result "1/2-1/2"]
[WhiteElo "2453"]
[BlackElo "2495"]
[PlyCount "62"]
[EventDate "2015.08.16"]
[EventType "swiss"]
[EventRounds "9"]
[EventCountry "ESP"]
[Source "lmi"]
[SourceDate "2015.08.16"]

1. Nf3 Nf6 2. g3 g6 3. Bg2 Bg7 4. O-O O-O 5. d4 d5 6. Nbd2 c6 7. b3 Ne4 8. Bb2
Nxd2 9. Qxd2 Bf5 10. Nh4 Be6 11. Nf3 Bf5 12. Nh4 Be6 13. Nf3 Bf5 14. Rfc1 Be4
15. c4 e6 16. Rd1 Nd7 17. Rac1 a5 18. Ne1 Bxg2 19. Kxg2 a4 20. Qc2 axb3 21.
axb3 Qb6 22. c5 Qc7 23. Nd3 Ra2 24. Ra1 Rfa8 25. Rxa2 Rxa2 26. Ra1 Rxa1 27.
Bxa1 Qa5 28. Bc3 Qa6 29. Bb2 Qa2 30. Nb4 Qa5 31. Nd3 Qa2 1/2-1/2

[Event "2. Abierto Hotel Cemar 2015"]
[Site "Mondariz ESP"]
[Date "2015.08.23"]
[Round "9.3"]
[White "Ramiro Ovejero, Juan Luis"]
[Black "Rodriguez Lopez, Rafael"]
[Result "1-0"]
[WhiteElo "2343"]
[BlackElo "2255"]
[PlyCount "73"]
[EventDate "2015.08.16"]
[EventType "swiss"]
[EventRounds "9"]
[EventCountry "ESP"]
[Source "lmi"]
[SourceDate "2015.08.16"]

1. e4 c5 2. Nf3 d6 3. Bb5+ Nd7 4. O-O a6 5. Bxd7+ Bxd7 6. d4 cxd4 7. Qxd4 e5 8.
Qd3 h6 9. c4 b5 10. Nfd2 Nf6 11. Nc3 Qb8 12. a4 bxa4 13. Nxa4 Be7 14. Nc3 O-O
15. b3 Rc8 16. Ba3 Rc6 17. Rfb1 a5 18. Bc1 Bd8 19. Nf1 Bb6 20. Be3 Ra7 21. Ra3
Rb7 22. Nd5 Bd8 23. Nxf6+ Bxf6 24. Rxa5 Be6 25. Nd2 Bd8 26. Ra4 Qc8 27. Rba1
Rb8 28. Ra7 Kh8 29. R1a3 f5 30. exf5 Bxf5 31. Qd5 Be6 32. Qf3 Bh4 33. Qh5 Qd8
34. Bxh6 Bxf2+ 35. Kf1 Qh4 36. Bxg7+ Kg8 37. Qg6 1-0

[Event "2. Abierto Hotel Cemar 2015"]
[Site "Mondariz ESP"]
[Date "2015.08.23"]
[Round "9.4"]
[White "Espiñeira Gonzalez, Diego"]
[Black "Laliena Solanes, Luis"]
[Result "1/2-1/2"]
[WhiteElo "2380"]
[BlackElo "2207"]
[PlyCount "61"]
[EventDate "2015.08.16"]
[EventType "swiss"]
[EventRounds "9"]
[EventCountry "ESP"]
[Source "lmi"]
[SourceDate "2015.08.16"]

1. e4 d5 2. exd5 Qxd5 3. Nf3 Bg4 4. Be2 Nc6 5. d4 O-O-O 6. Be3 e5 7. dxe5 Qxd1+
8. Bxd1 Nxe5 9. Nbd2 Nxf3+ 10. Bxf3 Nf6 11. O-O-O h6 12. h3 Be6 13. Nb3 Bd5 14.
Bxd5 Nxd5 15. Rhe1 Bb4 16. c3 Nxe3 17. Rxd8+ Rxd8 18. Rxe3 Bd6 19. Kc2 Rd7 20.
Re8+ Rd8 21. Re2 Rd7 22. Nd4 g6 23. Re8+ Rd8 24. Re2 c6 25. b3 Kd7 26. Nf3 Re8
27. Rxe8 Kxe8 28. Kd3 Ke7 29. Nd4 Bc5 30. Kc4 Kd6 31. a4 1/2-1/2

[Event "2. Abierto Hotel Cemar 2015"]
[Site "Mondariz ESP"]
[Date "2015.08.23"]
[Round "9.6"]
[White "De Sousa Da Silva, Armando"]
[Black "Sande Edreira, Jose Antonio"]
[Result "0-1"]
[WhiteElo "1958"]
[BlackElo "2244"]
[PlyCount "110"]
[EventDate "2015.08.16"]
[EventType "swiss"]
[EventRounds "9"]
[EventCountry "ESP"]
[Source "lmi"]
[SourceDate "2015.08.16"]

1. d4 g6 2. c4 Bg7 3. Nc3 d6 4. e4 Nf6 5. Be2 O-O 6. h3 c5 7. d5 e6 8. dxe6
Bxe6 9. Nf3 Nc6 10. O-O Qe7 11. Re1 Rfe8 12. Bf4 Rad8 13. Bf1 Nh5 14. Bg5 Bf6
15. Nd5 Bxd5 16. exd5 Ne5 17. Bd2 Nxf3+ 18. Qxf3 Be5 19. Bc3 Qg5 20. Bxe5 Rxe5
21. Rxe5 Qxe5 22. Qe2 Qxe2 23. Bxe2 Nf4 24. Bf1 Re8 25. g3 Ne2+ 26. Bxe2 Rxe2
27. b3 Kg7 28. Kg2 Kf6 29. Kf3 Rb2 30. h4 a5 31. Ke3 h5 32. Kf3 a4 33. bxa4 Rb4
34. Rc1 Rxa4 35. Rc2 Ke5 36. Ke3 Ra3+ 37. Kd2 Kd4 38. Rb2 Kxc4 39. Rxb7 Kxd5
40. Rxf7 Kd4 41. Rf4+ Ke5 42. Kc2 Rxa2+ 43. Kb3 Re2 44. Rf8 Kd4 45. Rf4+ Re4
46. Rf6 d5 47. Rxg6 c4+ 48. Kc2 Re2+ 49. Kd1 Rxf2 50. Rg5 Rg2 51. Rxh5 Rxg3 52.
Kc1 Kc3 53. Rg5 Rh3 54. Rxd5 Rh1+ 55. Rd1 Rxd1+ 0-1

[Event "2. Abierto Hotel Cemar 2015"]
[Site "Mondariz ESP"]
[Date "2015.08.23"]
[Round "9.7"]
[White "De Prado Rodriguez, Oscar Bruno"]
[Black "Belsley, Alexandre"]
[Result "1-0"]
[WhiteElo "2237"]
[BlackElo "2026"]
[PlyCount "93"]
[EventDate "2015.08.16"]
[EventType "swiss"]
[EventRounds "9"]
[EventCountry "ESP"]
[Source "lmi"]
[SourceDate "2015.08.16"]

1. d4 Nf6 2. Bf4 e6 3. e3 c5 4. Nf3 cxd4 5. exd4 b6 6. Bd3 Bb7 7. Nbd2 Be7 8.
h3 d6 9. O-O O-O 10. Re1 Nbd7 11. a4 a6 12. c3 Re8 13. Bh2 Qc7 14. Qb3 Bc6 15.
Re2 Bf8 16. Rae1 Qb7 17. c4 d5 18. Ne5 Nxe5 19. Rxe5 Rac8 20. Bf1 Red8 21. R5e3
dxc4 22. Nxc4 Nd5 23. Rg3 Be8 24. Ra1 b5 25. axb5 axb5 26. Na3 b4 27. Nc2 Ra8
28. Re1 Rdc8 29. Ne3 Nf6 30. Ng4 Nxg4 31. Rxg4 Bc6 32. Be5 g6 33. h4 Bd5 34.
Qe3 f5 35. Rg3 Be7 36. h5 g5 37. Rxg5+ Bxg5 38. Qxg5+ Kf8 39. h6 Qf7 40. Bd6+
Ke8 41. Be2 Kd7 42. Bh5 Rg8 43. Qh4 Rxg2+ 44. Kf1 Bc4+ 45. Kxg2 Qg8+ 46. Bg3
Bd5+ 47. Kh2 1-0

[Event "2. Abierto Hotel Cemar 2015"]
[Site "Mondariz ESP"]
[Date "2015.08.23"]
[Round "9.8"]
[White "Campos Calvo-sotelo, Javier"]
[Black "Lorenzo Duran, Marcos"]
[Result "0-1"]
[WhiteElo "2087"]
[BlackElo "2160"]
[PlyCount "76"]
[EventDate "2015.08.16"]
[EventType "swiss"]
[EventRounds "9"]
[EventCountry "ESP"]
[Source "lmi"]
[SourceDate "2015.08.16"]

1. d4 d5 2. Bg5 c6 3. Nf3 Qb6 4. b3 Bf5 5. e3 Nd7 6. Bd3 Bxd3 7. Qxd3 h6 8. Bf4
Ngf6 9. O-O e6 10. Ne5 Nxe5 11. Bxe5 Be7 12. c4 O-O 13. Nc3 a5 14. c5 Qd8 15.
Na4 Nd7 16. Bg3 b6 17. cxb6 Nxb6 18. Nc5 Nd7 19. Nb7 Qb6 20. Nd6 f5 21. Rfc1 f4
22. Bxf4 Rxf4 23. exf4 Bxd6 24. Re1 Nf8 25. g3 a4 26. Kg2 Be7 27. f5 axb3 28.
Qxb3 Qxd4 29. fxe6 Ng6 30. a4 Rf8 31. Qe3 Qg4 32. Kh1 Rf3 33. Qa7 Qh3 34. Ra2
Kh7 35. Qc7 Bc5 36. e7 Nxe7 37. Rc2 Bxf2 38. Qxe7 Bxe1 0-1

[Event "2. Abierto Hotel Cemar 2015"]
[Site "Mondariz ESP"]
[Date "2015.08.23"]
[Round "9.9"]
[White "Rodriguez Dominguez, Miguel I"]
[Black "Maquieira Vidal, Alvaro"]
[Result "1/2-1/2"]
[WhiteElo "2017"]
[BlackElo "1832"]
[PlyCount "88"]
[EventDate "2015.08.16"]
[EventType "swiss"]
[EventRounds "9"]
[EventCountry "ESP"]
[Source "lmi"]
[SourceDate "2015.08.16"]

1. d4 e6 2. c4 d5 3. Nf3 c6 4. Nbd2 f5 5. g3 Nf6 6. Bg2 Be7 7. O-O O-O 8. Ne5
Nbd7 9. Ndf3 Nxe5 10. Nxe5 Nd7 11. Nxd7 Bxd7 12. Qd3 Be8 13. b3 Bg6 14. Bf4 Bd6
15. c5 Bxf4 16. gxf4 Bh5 17. Bf3 Bxf3 18. Qxf3 Rf6 19. Kh1 Rg6 20. b4 Qf6 21.
e3 Rf8 22. a4 Rh6 23. Rg1 Qh4 24. Qg3 Qxg3 25. fxg3 Rhf6 26. b5 Rb8 27. Rgb1
Rff8 28. Rb4 b6 29. bxc6 bxc5 30. Rxb8 Rxb8 31. dxc5 Rc8 32. Rb1 Rxc6 33. Rb8+
Kf7 34. Rb7+ Kf6 35. Rxa7 Rxc5 36. h4 Rc3 37. Kg2 Rxe3 38. a5 Ra3 39. a6 h5 40.
Ra8 d4 41. Kf2 Kf7 42. a7 Ra2+ 43. Ke1 d3 44. Kd1 Kg6 1/2-1/2

[Event "2. Abierto Hotel Cemar 2015"]
[Site "Mondariz ESP"]
[Date "2015.08.23"]
[Round "9.10"]
[White "Asensio Liñan, Teodoro"]
[Black "Torcal Miguel, Oscar"]
[Result "1-0"]
[WhiteElo "2156"]
[BlackElo "1969"]
[PlyCount "93"]
[EventDate "2015.08.16"]
[EventType "swiss"]
[EventRounds "9"]
[EventCountry "ESP"]
[Source "lmi"]
[SourceDate "2015.08.16"]

1. e4 c5 2. Nf3 d6 3. Bc4 Nc6 4. c3 Nf6 5. d3 g6 6. O-O Bg7 7. Bb3 O-O 8. Re1
Nd7 9. d4 Nb6 10. d5 Ne5 11. Nxe5 Bxe5 12. Bh6 Bg7 13. Bxg7 Kxg7 14. Qe2 Qc7
15. Nd2 e6 16. dxe6 fxe6 17. Rad1 Bd7 18. Qd3 Rad8 19. c4 Bc6 20. Qg3 Qf7 21.
Nf3 Qe7 22. h4 e5 23. h5 Qf6 24. Rd3 Kh8 25. hxg6 Qxg6 26. Qxg6 hxg6 27. Ng5
Rd7 28. Red1 Nc8 29. Kf1 Rf4 30. Rh3+ Kg8 31. f3 Re7 32. Ke2 Bd7 33. Rh6 Rg7
34. Rdh1 Kf8 35. g3 Rf6 36. Nh7+ Ke7 37. Nxf6 Kxf6 38. Ke3 Be6 39. f4 Kf7 40.
Rh8 Nb6 41. Kd3 a5 42. a3 Ke7 43. R8h7 Kf6 44. Kc3 Bg4 45. fxe5+ dxe5 46. Rf1+
Bf5 47. Rxg7 1-0

[Event "2. Abierto Hotel Cemar 2015"]
[Site "Mondariz ESP"]
[Date "2015.08.23"]
[Round "9.11"]
[White "Garcia Sobrino, David"]
[Black "Buitron Ramil, David"]
[Result "1/2-1/2"]
[WhiteElo "2026"]
[BlackElo "1641"]
[PlyCount "105"]
[EventDate "2015.08.16"]
[EventType "swiss"]
[EventRounds "9"]
[EventCountry "ESP"]
[Source "lmi"]
[SourceDate "2015.08.16"]

1. e4 e6 2. d4 d5 3. Nc3 Nf6 4. Bg5 Be7 5. e5 Nfd7 6. Bxe7 Qxe7 7. f4 a6 8. Nf3
c5 9. Qd2 Nc6 10. g3 b5 11. Bg2 Bb7 12. O-O O-O 13. Ne2 Nb6 14. b3 Rac8 15.
dxc5 Qxc5+ 16. Nfd4 Nxd4 17. Qxd4 Nd7 18. Qxc5 Rxc5 19. Nd4 Nb8 20. Rf2 Nc6 21.
Nxc6 Rxc6 22. Bf1 Rfc8 23. Bd3 g6 24. Kf1 Kf8 25. Ke2 Ke7 26. Ke3 h5 27. Kd4
Kd7 28. h3 R6c7 29. Rh1 Rh8 30. a3 Rcc8 31. Rfh2 Rh7 32. Ra1 Kc6 33. c3 Kb6 34.
Rha2 Ra8 35. a4 Rhh8 36. b4 Bc6 37. axb5 axb5 38. Ra5 Rhd8 39. g4 hxg4 40. hxg4
Rh8 41. R1a2 Rhg8 42. Rxa8 Rxa8 43. Rh2 Ra7 44. Rh8 Ra8 45. Rh7 Ra7 46. f5 gxf5
47. gxf5 exf5 48. Bxf5 Re7 49. e6 Be8 50. Ke5 Rc7 51. Kd6 Rc6+ 52. Ke7 fxe6 53.
Bb1 1/2-1/2

[Event "2. Abierto Hotel Cemar 2015"]
[Site "Mondariz ESP"]
[Date "2015.08.23"]
[Round "9.12"]
[White "Meira Iglesias, Alejandro"]
[Black "Adams, Philip"]
[Result "1/2-1/2"]
[WhiteElo "1773"]
[BlackElo "2015"]
[PlyCount "72"]
[EventDate "2015.08.16"]
[EventType "swiss"]
[EventRounds "9"]
[EventCountry "ESP"]
[Source "lmi"]
[SourceDate "2015.08.16"]

1. d4 Nf6 2. c4 g6 3. Nc3 Bg7 4. Nf3 O-O 5. Bf4 d6 6. e3 c6 7. Be2 Nbd7 8. h3
Qa5 9. O-O a6 10. Rb1 c5 11. Qc1 Nb6 12. a3 Na4 13. b4 Nxc3 14. Qxc3 cxd4 15.
exd4 Qf5 16. Qe3 Re8 17. Bd3 Qd7 18. d5 Qa4 19. Qd2 Qd7 20. Rbc1 a5 21. Bb1
axb4 22. axb4 Nh5 23. Be3 Qa4 24. Nd4 Bd7 25. Rc2 Qa6 26. Rfc1 b6 27. c5 bxc5
28. bxc5 dxc5 29. Rxc5 Nf6 30. Nc6 Qb7 31. Na5 Qb8 32. Bd3 Qe5 33. Nc4 Qb8 34.
Rb1 Qd8 35. Nb6 Rb8 36. Qa5 e6 1/2-1/2

[Event "2. Abierto Hotel Cemar 2015"]
[Site "Mondariz ESP"]
[Date "2015.08.23"]
[Round "9.13"]
[White "Tallarico Tallarico, Ovidio Mario"]
[Black "Fernandez Lopez, Ruben"]
[Result "1/2-1/2"]
[WhiteElo "2114"]
[BlackElo "1795"]
[PlyCount "124"]
[EventDate "2015.08.16"]
[EventType "swiss"]
[EventRounds "9"]
[EventCountry "ESP"]
[Source "lmi"]
[SourceDate "2015.08.16"]

1. Nf3 Nf6 2. c4 g6 3. Nc3 d5 4. d4 Bg7 5. Bg5 Ne4 6. cxd5 Nxg5 7. Nxg5 e6 8.
Nf3 exd5 9. e3 O-O 10. Be2 c6 11. O-O Nd7 12. b4 f5 13. b5 Nf6 14. bxc6 bxc6
15. Rc1 Ne4 16. Nd2 Bh6 17. f4 Nxd2 18. Qxd2 Re8 19. Rfe1 Rb8 20. Na4 Bd7 21.
Nc5 Bf8 22. Bd1 Bxc5 23. Rxc5 Rb6 24. Bb3 Qe7 25. g3 Kg7 26. Kf2 Reb8 27. h4 h5
28. Rec1 Kh6 29. Qd3 Kg7 30. R1c2 Rb4 31. Qa6 R8b7 32. Qd3 Rb8 33. Ra5 R8b7 34.
Qc3 Qe4 35. Rc1 Kh7 36. Qc2 Qe6 37. Ra3 R4b5 38. Qd3 Kh6 39. Rc2 Kh7 40. Ra6
Rb4 41. Rc5 Kh6 42. Rca5 Rc4 43. Rxa7 Rxa7 44. Rxa7 Rc1 45. Bd1 Qd6 46. Rb7 Bc8
47. Rb1 Ba6 48. Qb3 Rxb1 49. Qxb1 Qa3 50. Be2 Bxe2 51. Kxe2 Qa6+ 52. Kf2 Qa5
53. Qc2 Qa3 54. Kf3 Qa6 55. Kg2 Qa3 56. Kf2 Kh7 57. Kf3 Qa6 58. Kf2 Qa3 59. Qb3
Qa5 60. a4 Qd2+ 61. Kf3 Qe1 62. Kg2 Qe2+ 1/2-1/2

[Event "2. Abierto Hotel Cemar 2015"]
[Site "Mondariz ESP"]
[Date "2015.08.23"]
[Round "9.14"]
[White "Rebollo Montes, Bernardo"]
[Black "Dominguez Fernandez, Angel I"]
[Result "0-1"]
[WhiteElo "1785"]
[BlackElo "1992"]
[PlyCount "116"]
[EventDate "2015.08.16"]
[EventType "swiss"]
[EventRounds "9"]
[EventCountry "ESP"]
[Source "lmi"]
[SourceDate "2015.08.16"]

1. d4 Nf6 2. c4 g6 3. Nc3 d5 4. cxd5 Nxd5 5. e4 Nxc3 6. bxc3 Bg7 7. Be3 O-O 8.
Qd2 c5 9. Rc1 Qa5 10. d5 f5 11. f3 fxe4 12. fxe4 Nd7 13. Nf3 Nf6 14. Bd3 c4 15.
Bb1 Ng4 16. Bd4 Bh6 17. Qb2 Qc7 18. O-O Bxc1 19. Rxc1 e5 20. dxe6 Bxe6 21. Re1
b6 22. Qd2 Rad8 23. Re2 Qf4 24. Qxf4 Rxf4 25. h3 Nh6 26. Be3 Rd1+ 27. Kf2 Rxf3+
28. Kxf3 Nf7 29. Bc2 Ra1 30. Ba4 Ne5+ 31. Kg3 Nd3 32. Bb5 Kf7 33. Bc6 Rf1 34.
Bb5 Ke7 35. Bg5+ Kd6 36. Be3 Rb1 37. Ba4 Ra1 38. Bb5 Kc7 39. Be8 a6 40. h4 b5
41. h5 gxh5 42. Bxh5 a5 43. Bg4 Bxg4 44. Kxg4 b4 45. cxb4 axb4 46. Kf5 Kd6 47.
e5+ Kd5 48. g3 Nxe5 49. Bf4 Nd3 50. Re8 Nxf4 51. Rd8+ Kc5 52. Rc8+ Kd4 53. gxf4
Rxa2 54. Ke6 Re2+ 55. Kf6 b3 56. f5 b2 57. Rb8 Kc3 58. Kg7 Re1 0-1

[Event "2. Abierto Hotel Cemar 2015"]
[Site "Mondariz ESP"]
[Date "2015.08.23"]
[Round "9.15"]
[White "Lesteiro Lores, Manuel Raul"]
[Black "Boo Vallejo, Marcos"]
[Result "1/2-1/2"]
[WhiteElo "1940"]
[BlackElo "1771"]
[PlyCount "63"]
[EventDate "2015.08.16"]
[EventType "swiss"]
[EventRounds "9"]
[EventCountry "ESP"]
[Source "lmi"]
[SourceDate "2015.08.16"]

1. d4 c5 2. c3 e6 3. Bf4 d5 4. Nf3 Nc6 5. e3 cxd4 6. exd4 Bd6 7. g3 Nge7 8.
Bxd6 Qxd6 9. Bg2 O-O 10. O-O f6 11. Re1 e5 12. dxe5 fxe5 13. h3 h6 14. Nbd2 Qf6
15. Qe2 Ng6 16. Nh2 Be6 17. Rf1 Rad8 18. Rae1 Rfe8 19. Ng4 Qf7 20. h4 e4 21. f4
exf3 22. Qxf3 Qxf3 23. Bxf3 Bxg4 24. Bxg4 Nge5 25. Bd1 d4 26. cxd4 Nxd4 27. Kg2
Ndc6 28. Ne4 Nd3 29. Re2 Nd4 30. Rd2 Ne5 31. Nc3 Nec6 32. Bh5 1/2-1/2

[Event "2. Abierto Hotel Cemar 2015"]
[Site "Mondariz ESP"]
[Date "2015.08.23"]
[Round "9.16"]
[White "Romera Carrion, Ruben"]
[Black "Ferreiro Diaz, Miguel"]
[Result "1/2-1/2"]
[WhiteElo "1191"]
[BlackElo "1877"]
[PlyCount "63"]
[EventDate "2015.08.16"]
[EventType "swiss"]
[EventRounds "9"]
[EventCountry "ESP"]
[Source "lmi"]
[SourceDate "2015.08.16"]

1. d4 b5 2. e3 Bb7 3. Nf3 a6 4. Bd3 e6 5. O-O c5 6. c3 Nf6 7. Re1 Be7 8. e4 h6
9. e5 Nd5 10. Qc2 cxd4 11. cxd4 Nb4 12. Qe2 Nxd3 13. Qxd3 Nc6 14. a3 Rc8 15.
Be3 O-O 16. Nbd2 d6 17. Bf4 dxe5 18. Bxe5 Nxe5 19. Nxe5 Bf6 20. f4 Qd6 21. Ne4
Bxe4 22. Rxe4 Rc7 23. Nf3 Rfc8 24. Rd1 Qd5 25. Rd2 Rc4 26. Ne5 Rc1+ 27. Kf2
Bh4+ 28. g3 Be7 29. Nf3 f6 30. Rde2 Kf7 31. Rxe6 Bf8 32. Qe4 1/2-1/2

[Event "2. Abierto Hotel Cemar 2015"]
[Site "Mondariz ESP"]
[Date "2015.08.23"]
[Round "9.17"]
[White "Lloveras Hernanz, Jose Antonio"]
[Black "Garcia Bugallo, Jose Luis"]
[Result "0-1"]
[WhiteElo "1680"]
[BlackElo "1815"]
[PlyCount "88"]
[EventDate "2015.08.16"]
[EventType "swiss"]
[EventRounds "9"]
[EventCountry "ESP"]
[Source "lmi"]
[SourceDate "2015.08.16"]

1. d4 f5 2. Nf3 Nf6 3. c4 g6 4. Nc3 d6 5. Qc2 Bg7 6. e4 fxe4 7. Nxe4 Nxe4 8.
Qxe4 Nc6 9. g4 O-O 10. Be3 e5 11. O-O-O exd4 12. Qd5+ Kh8 13. Nxd4 Qf6 14. g5
Qe5 15. Qxe5 Nxe5 16. Be2 Ng4 17. Bxg4 Bxg4 18. Rdg1 Bd7 19. h4 c5 20. Ne2 Bc6
21. Rh2 Bf3 22. Ng3 Be5 23. Rh3 Bf4 24. Nf1 Be2 25. b3 Bxe3+ 26. Rxe3 Rxf2 27.
Ng3 Bf3 28. h5 gxh5 29. Nf5 d5 30. cxd5 Bxd5 31. Ne7 Bf7 32. Re5 Bg6 33. Rxc5
Rxa2 34. Rg3 Rf8 35. Nxg6+ hxg6 36. Kb1 Re2 37. Rc1 Rff2 38. Rc8+ Kg7 39. Rc7+
Rf7 40. Rxf7+ Kxf7 41. Rf3+ Ke7 42. Rf6 Re6 43. Rf4 Re5 44. Rc4 Kd6 0-1

[Event "2. Abierto Hotel Cemar 2015"]
[Site "Mondariz ESP"]
[Date "2015.08.23"]
[Round "9.18"]
[White "Campos Calvo-sotelo, Juan"]
[Black "Dominguez Certal, Dario"]
[Result "1-0"]
[WhiteElo "1956"]
[BlackElo "1468"]
[PlyCount "39"]
[EventDate "2015.08.16"]
[EventType "swiss"]
[EventRounds "9"]
[EventCountry "ESP"]
[Source "lmi"]
[SourceDate "2015.08.16"]

1. b4 d5 2. e3 e5 3. a3 Nf6 4. c4 d4 5. c5 d3 6. Nf3 e4 7. Nd4 Be7 8. Nc3 O-O
9. Bb2 a5 10. Qb3 Bg4 11. f3 axb4 12. axb4 Rxa1+ 13. Bxa1 exf3 14. gxf3 Bh5 15.
Bxd3 Nc6 16. Nce2 Ne5 17. Be4 Nxf3+ 18. Bxf3 Bxf3 19. Nxf3 Qa8 20. O-O 1-0